000 00856nam a2200229 a 4500
001 000015244
005 20250212095425.0
008 100203s2007 dr ac 000 0 spa d
040 _aDO-SdBNP
_bspa
_cBNPHU
082 _a796
_bN714d
100 1 _aNina Gómez, Carlos
_96492
245 1 0 _aDeportes, atletas y triunfos :
_bsu repercusión en la economía dominicana /
_cCarlos Nina Gómez ; prólogo Luis Scheker Ortiz.
260 _aSanto Domingo :
_bAmigo del Hogar.
300 _a191 p. :
_bil., retrs. ;
_c23 cm.
500 _aIncluye datos biográficos del autor en la contracubierta
504 _aIncluye bibliografía (p. 189 -190)
650 4 _aDeportes
_zRepública Dominicana
_919547
650 4 _aDeportes
_xAspectos económicos
_934497
650 4 _aDeportistas
_934498
650 0 _aDeportistas
_zRepública Dominicana
_934499
049 _aBNPD
999 _c14813
_d14813